000 01044nam0a22002891 4500
001 RU\INFOCOMM_322\NLR\5000217229
005 20250613111959.0
035 _a(NLR Aleph) 009600505
090 _a9307756
_c9307756
100 _a20130308d1965 |||y0rusy50 ca
101 0 _aeng
_afre
_geng
102 _aRU
105 _ay z |||||
200 1 _aNew suturing instrument in ophthalmological surgery
_dNouvel appareil de suture dans l'ophtalmochirurgie
_eClinical data
_fV/o "Medexport". Moskva
_zfre
210 _a[Москва]
_cВнешторгиздат
_d[1965]
215 _a40 с.
_d21 см
300 _aТекст парал. на англ. и фр. яз.
309 _aОтпеч. множит. аппаратом
320 _aБиблиогр.: с. 20-21, 39-40
510 1 _aNouvel appareil de suture dans l'ophtalmochirurgie
_zfre
686 _aР675со5
_2rubbk
712 0 2 _a"Medexport", v/o
_4570
801 1 _aRU
_bInfocomm
_c20130308
801 0 _aRU
_bINFOCOMM
_gPSBO
852 _aNLR
_jМд81 Г-4/62
942 _cBOOK
980 _aNB